LEADER 00679nam a2200193 i 4500 001 000000258219 003 CaOOAMICUS 005 20180419000000.0 008 180419s1979 xx u000 u mul u 013 $a237127 040 $aSeMil$bita 245 10$a[Psalms 31-55]. 300 $aP. 367-703. 490 0 $aArtscroll Tanach series 773 0 $tTehilim [= Sefer Tehilim] = Psalms.$b2. Ed.$dNew York : Mesorah Publications, 1979.$g2$w()4510 830 0$aArtscroll Tanach series.$0(OLS)http://semarc/title/400658 850 $aSeMil 852 $aSeMil$W1$xVenegono$y1$m2X VI 21$j208565$B208565$CSeMilBibl$Z2$F222205 $81 996 $6245$a[Psalms 31-55]$9(OLS)http://semarc/title/413342 LEADER 01079nam a2200265 i 4500 001 000000040345 003 CaOOAMICUS 005 20120704000000.0 008 120704s1987 it u000 u ita u 013 $a11515 020 $a8821511847 040 $aSeMil$bita 100 1 $aSpinsanti, Sandro,$d<1942- >.$0(OLS)http://semarc/name/12161 245 10$aEtica bio-medica /$cSandro Spinsanti. 260 $aCinisello Balsamo :$bEdizioni Paoline,$c1987. 300 $a224 p. ;$c21 cm. 490 0 $aEtica professionale e sociale ;$v3 650 4$aBioetica - Studi.$0(OLS)http://semarc/subject/5741 650 4$aMedicina - Etica e morale.$0(OLS)http://semarc/subject/1468 830 0$aEtica professionale e sociale ;$v3.$0(OLS)http://semarc/title/259 850 $aSeMil 852 $aSeMil$W1$xVenegono$y1$m2E V 143$j6500$B6500$CSeMilBibl$Z2$F6500 $81 996 $6020$a8821511847$9(OLS)http://semarc/number/10483 996 $6245$aEtica bio-medica$9(OLS)http://semarc/title/57897 996 $6260$aCinisello Balsamo :$bEdizioni Paoline$9(OLS)http://semarc/publisher/36103